Logo BPK

Biblioteka

Politechniki Koszalińskiej

Biologia / (Rekord nr 43619)

Szczegóły MARC
000 -ETYKIETA REKORDU
podpole kontrolne o stałej długości 00927nam a2200301 i 4500
001 - NUMER KONTROLNY REKORDU
pole kontrolne bg
020 ## - MIĘDZYNARODOWY ZNORMALIZOWANY NUMER KSIĄŻKI - ISBN
ISBN 8370730906
040 ## - ŹRÓDŁO KATALOGOWANIA
Instytucja, która utworzyła rekord BPK
041 1# - KOD JĘZYKA
Kod języka tekstu pl
Kod języka oryginału en
080 ## - UNIWERSALNA KLASYFIKACJA DZIESIĘTNA - UKD
UKD 57/59(07)
920 ## - Międzynarodowy znormalizowany numer książki – ISBN
ISBN 83-7073-090-6
008 - POLE O STAŁEJ DŁUGOŚCI - DANE KONTROLNE
podpole kontrolne o stałej długości s pl f |000 0 pol
245 70 - TYTUŁ/ODPOWIEDZIALNOŚĆ
Tytuł Biologia /
Pozostałe elementy strefy tytułu i oznaczenia odpowiedzialności Solomon, Berg, Martin, Villee ; [zesp. tł. Alicja Borowska et al.].
246 ## - WARIANT TYTUŁU
Treść wyrażenia wprowadzającego Tyt. oryg.:
Tytuł Biology
250 ## - STREFA WYDANIA
Oznaczenie wydania Wyd. 2, popr. (wg 3 wyd. amer.).
260 ## - STREFA ADRESU WYDAWNICZEGO
Miejsce wydania Warszawa :
Nazwa wydawcy/dystrybutora MULTICO,
Data publikacji, dystrybucji/powstania dokumentu 2000.
300 ## - STREFA OPISU FIZYCZNEGO
Objętość XXXI, 1302 s. :
Inne cechy fizyczne fot., rys., wykr. ;
Rozmiary 29 cm.
500 ## - UWAGI OGÓLNE
Tekst uwagi Oryg. "Biology" 1993.
650 #9 - HASŁO PRZEDMIOTOWE W FORMIE NAZWY OGÓLNEJ LUB JEDNOSTKOWEJ
Nazwa ogólna lub geograficzna Biologia
655 ## - TERMIN INDEKSOWY - OKREŚLENIE RODZAJU/FORMY DOKUMENTU
Określenie rodzaju/formy dokumentu Podręczniki
700 1# - HASŁO DODATKOWE - NAZWA OSOBOWA
Nazwa osobowa SOLOMON, Eldra Pearl.
700 1# - HASŁO DODATKOWE - NAZWA OSOBOWA
Nazwa osobowa BERG, Linda R.
700 1# - HASŁO DODATKOWE - NAZWA OSOBOWA
Nazwa osobowa MARTIN, Diana W.
700 1# - HASŁO DODATKOWE - NAZWA OSOBOWA
Nazwa osobowa VILLEE, Claude A.
700 1# - HASŁO DODATKOWE - NAZWA OSOBOWA
Nazwa osobowa BOROWSKA, Alicja.
Określenie związku między hasłem a opisywanym materiałem Tł.
856 ## - LOKALIZACJA I DOSTĘP DO ELEKTRONICZNYCH DOKUMENTÓW ZDALNYCH
Link (URL) http://koha.tu.koszalin.pl/cgi-bin/koha/opac-detail.pl?biblionumber=43619
Tekst linku Katalog online BPK
942 ## - DODATKOWE ELEMENTY (KOHA)
Typ dokumentu Książka
Egzemplarze
Wycofany Status egzemplarza Uszkodzony Dostępność Lokalizacja stała Lokalizacja bieżąca Miejsce przechowywania Sygnatura Kod kreskowy Status: wypożyczony Ostatnio wypożyczono Typ dokumentu Dział
      Dostępny Biblioteka Politechniki Koszalińskiej Biblioteka Politechniki Koszalińskiej Wypożyczalnia BG 69550 02042817 15.12.2026 15.12.2025 Książka  
      Tylko na miejscu Czytelnia Wydziału Elektroniki i Informatyki, Wydziału Architektury i Wzornictwa, Wydziału Inżynierii Mechanicznej i Energetyki oraz Wydziału Inżynierii Lądowej, Środowiska i Geodezji Czytelnia Wydziału Elektroniki i Informatyki, Wydziału Architektury i Wzornictwa, Wydziału Inżynierii Mechanicznej i Energetyki oraz Wydziału Inżynierii Lądowej, Środowiska i Geodezji Czytelnia Wydziałowa ul. Śniadeckich 2 69551 02042800   26.02.2013 Książka 57 Nauki biologiczne
© 2023 Biblioteka Politechniki Koszalińskiej :: KOHA